00965nam a22002417a 450000500170000001000130001702000100003003500130004003700160005304000120006908200220008110000390010324500910014226000440023327000480027730000200032550000510034565000570039665000510045394200320050499900190053695201680055520170124105919.0 aA-517490 c00.00 aA-517490 bCen Lib/Ret aDPLbEN a307.77095458bLYN aLyngdoh, Mary Pristilla Rina93697 aThe festival in the history and culture of the khasi /cby Mary Pristilla Rina Lyngdoh aNew DelhibVikas Publishing Housec1991 a576 Msjid Road, JangpurabNew Delhie110014 a220p.c22cm(Hb) aIncludes bibliographical references and index aKhasi (Indic people)--Social life and customs973925 aMeghalaya (India). Legislative Assembly973926 2ddccENh307.772095458mLYN c123021d123021 04104070aLbLd2015-06-01eCen Lib/Retg0.00l0o307.77095458 LYNpA-517490r2015-06-01 00:00:00t1v0.00w2015-06-01yENzW/d List No. 6896/15 ; dtd 19/10/2020